000 00985cab a2200253 4500
001 WB2845-36
008 090401t1992 xxu||||| |||| 00| 0 eng d
035 _a(Sirsi) u63567
041 _aeng
245 _aExtension of leasehold reform
260 _c1992
350 _a0
490 _aFinancial Times
_v16 November 1992, 7; 18 November 1992, 11; 14 Nove
520 _aThose opposing the low rent rule in the leasehold enfranchisement legislation have won a review of this provision of the Housing and Urban Development Bill. Also under review is the case of tenants with flats over shops, who would not qualify for enfranchisement, if more that 10% of the property is used for business purposes.
650 _aBUSINESS PREMISES
650 _aFLATS
650 _aLEASEHOLD ENFRANCHISEMENT
650 _aLEASEHOLD REFORM
650 _aLOW RENTS
650 _aNON-RESIDENTIAL USE
690 _aLANDLORD AND TENANT-LEASEHOLD REFORM
942 _n0
948 _c04/03/1997
999 _c39515
_d39515